header

Clinical sports psychiatry (Record no. 30400)

MARC details
000 -LEADER
fixed length control field 01574nam a2200349 a 4500
082 04 - DEWEY DECIMAL CLASSIFICATION NUMBER
Classification number 616.89
245 00 - TITLE STATEMENT
Title Clinical sports psychiatry
260 ## - PUBLICATION, DISTRIBUTION, ETC. (IMPRINT)
Place of publication Chichester, West Sussex :
Name of publisher John Wiley & Sons,
Year of publication 2013.
300 ## - PHYSICAL DESCRIPTION
Number of Pages xx, 225 p.
505 0# - FORMATTED CONTENTS NOTE
Formatted contents note pt. 1. Mental health challenges faced by athletes -- pt. 2. Treatment approaches and therapeutic issues with athletes -- pt. 3. Psychosocial issues affecting athletes -- pt. 4. The field of sports psychiatry.
650 #0 - SUBJECT ADDED ENTRY--TOPICAL TERM
Topical Term Sports
Topical Term Athletes
700 1# - ADDED ENTRY--PERSONAL NAME
Personal name Baron, David A.
Personal name Reardon, Claudia L.,
Personal name Baron, Steven H.,
856 40 - ELECTRONIC LOCATION AND ACCESS
Uniform Resource Identifier http://site.ebrary.com/lib/rucke/Doc?id=10684956

No items available.

© 2026 Rongo University
Contact us: librarian | system librarian | Rongo university